000 nam a22 a 4500
999 _c1087
_d1087
003 AKMAL
005 20170508124654.0
008 170508s1992 my 00 may d
040 _aAKMAL
082 0 4 _a297.3 ISM
090 _a297.3
_bISM
100 _aIsmail Kamus,
_cDato', Ustaz,
_d1948-
_92113
245 1 0 _aSoal jawab kemusykilan agama /
_coleh Al-Ustaz Ismail bin Kamus
260 _aKuala Lumpur :
_bMuafakat Enterprise,
_c1992
300 _a102ms. ;
_c19cm
500 _aMengandungi ayat-ayat dari al-Quran
650 _aIslam
_xCustoms and practices
_91330
650 _aIslam
_vProblems, exercises, etc.
_92264
942 _2ddc
_cBOOK